000 00674nam a2200289Ia 4500
005 20260324144331.0
008 008 260324s9999 xx 000 0 eng d
020 _a9781315667126
037 _aEBOOK
040 _aCRL
040 _beng
040 _cCRL
041 _2eng
041 _aeng
084 _qCRL
100 _aH.J. Hsia
_91218936
245 0 _aMass Communications Research Methods
245 2 _bA Step-by-Step Approach
260 _bTaylor and Francis
260 _c1988
365 _a
365 _b350
856 _uhttp://www.taylorfrancis.com/books/9781315667126
942 _cEBOOK
999 _c1825430
_d1825430